台北故事
| 資料類型: | 圖書 | 書目號: | 53518 |
Leader xxxxxxxxxx 001 __ PCLIS00053518 005 __ 20220119143907.0 010 0_ |a978-986-95456-2-4|b平裝|dNT$330 042 __ |anbim 100 __ |a20191030d2018 m y0chiy09 e 101 0_ |achi 102 __ |atw 105 __ |aa z 000ay 200 1_ |a台北故事|f台北人著 205 __ |a初版 210 __ |a臺北市|c鏡文學|d2018[民107] 215 0_ |a[301]面|c圖|d21公分|e1冊小冊子 225 1_ |a鏡小說|v2 517 1_ |a臺北故事|zchi 700 _0 |a台北人|4著 681 __ |a857.7|b8669 801 _0 |atw|bLibDipper|c20191030|gCCR 801 _1 |atw|b內湖高中|c20191105|gCCR 801 _2 |atw|b內湖高中|c20220119|gCCR |